000 00540nam a2200169 i 4500
001 155173
003 ES-MaACL
005 20230906210001.0
008 931025q18801889sp |||| | spa d
100 1 _aAbreu, Héctor,
_9125534
245 1 0 _aNiño bonito
_b: novela /
_cHector Abreu.
260 _aMadrid :
_bLibrería de Fernando Fé,
_c[s.a.] (
_eSevilla :
_fTip. de El Progreso)
300 _a185 p. ;
_c17 cm.
594 _aHector Abreu toma como seud. Abrego.
852 _aES-MaACL
_jF-9850
_z-- Enc. hol.
999 _c155173
_d155173